Los cinco en el Cerro del Contrabandista / (Registro nro. 10884)

Detalles MARC
000 -LIDER
fixed length control field 00979nam a22003017a 4500
001 - NÚMERO DE CONTROL
Identificador de número de control 000391
003 - IDENTIFICACDOR DE NÚMERO DE CONTROL
control field DO-SdBNP
005 - DATE AND TIME OF LATEST TRANSACTION
control field 20180117110925.0
007 - CAMPOS FIJOS DE DESCRIPCIÓN FÍSICA
fixed length control field 000391
008 - ELEMENTOS DE LONGITUD FIJA
fixed length control field 160714b 2009 sp ||||| |||| 00| 0 spa d
020 ## - ISBN
International Standard Book Number 9788426155207
040 ## - FUENTE DE CATALOGACIÓN
Agencia que crea de manera original el registro BPMSU
Idioma de catalogación spa
Agencia que realiza la transcripción BPMSU
092 ## - LOCALLY ASSIGNED DEWEY DECIMAL CALL NUMBER
Número de clasificación xxxxx
Número de ítem (Cutter) xxxxx
100 1# - ASIENTO PRINCIPAL -- NOMBRE PERSONAL
Nombre personal Blyton, Enid,
Fechas asociadas con el nombre 1897-1968.
240 10 - TITULO UNIFORME
Título uniforme Five go to smuggler's top.
Idioma de una obra Español
245 10 - MENCIÓN DE TITULO
Título Los cinco en el Cerro del Contrabandista /
Mención de responsabilidad Enid Blyton ; traducción de María Victoria Olivar ; ilustraciones de Enrique Ventura.
250 ## - MENCIÓN DE EDICION
Mención de edición 22ª ed.
260 ## - PUBLICACIÓN, DISTRIBUCIÓN, ETC. (PIE DE IMPRENTA)
Lugar de publicación, distribución, etc Barcelona :
Nombre del editor, distribuidor, etc. Juventud,
Fecha de publicación, distribución, etc 2009.
300 ## - DESCRIPCIÓN FÍSICA
Extensión 176 p. :
Otros detalles físicos il. ;
Dimensiones 20 cm.
490 1# - MENCIÓN DE SERIES
Mención de serie Los cinco
Volume/sequential designation 4
500 ## - NOTA GENERAL
Nota general Traducción de: Five go to smuggler's top.
700 12 - ASIENTO SECUNDARIO -- NOMBRE PERSONAL
Nombre personal Olivar, María Victoria,
Mención de responsabilidad tr.
700 12 - ASIENTO SECUNDARIO -- NOMBRE PERSONAL
Nombre personal Ventura, Enrique,
Fechas asociadas con el nombre 1946-
Mención de responsabilidad il.
830 #0 - ASIENTO SECUNDARIO DE SERIE--TÍTULO UNIFORME
Título uniforme Los cinco ;
Volume number/sequential designation 4
942 ## - ADDED ENTRY ELEMENTS (KOHA)
Source of classification or shelving scheme Dewey Decimal Classification
Koha item type Libros
945 ## - INFORMACIÓN DE PROCESAMIENTO LOCAL
Información de procesamiento local Inventariado, 2018 / YL
956 ## - LOCAL ELECTRONIC LOCATION AND ACCESS (OCLC)
Método de acceso LOPEREZ
Materiales especificados 10
Enlace 20160714
Campo enlazado y núm. de secuencia BPMSU
Nombre de host 0041
Existencias
Withdrawn status Lost status Source of classification or shelving scheme Damaged status Not for loan Collection code Home library Current library Date acquired Source of acquisition Total Checkouts Barcode Date last seen Price effective from Koha item type Copy number
    Dewey Decimal Classification     Colección Juvenil General Biblioteca Pública Metropolitana Salomé Ureña Biblioteca Pública Metropolitana Salomé Ureña 07/14/2016 Sin sellar   BPMSU16070475 07/14/2016 07/14/2016 Libros  
    Dewey Decimal Classification     Colección Juvenil General Biblioteca Pública Metropolitana Salomé Ureña Biblioteca Pública Metropolitana Salomé Ureña 10/19/2016 Sin sellar   BPMSU16100271 10/19/2016 10/19/2016 Libros ej. 2
    Dewey Decimal Classification     Colección Juvenil General Biblioteca Pública Metropolitana Salomé Ureña Biblioteca Pública Metropolitana Salomé Ureña 10/19/2016 Sin sellar   BPMSU16100272 10/19/2016 10/19/2016 Libros ej. 3